[Event "Collado Villalba 2000"]
[Site "Collado Villalba ESP"]
[Date "2000.08.22"]
[Round "1"]
[White "Garcia Ares, Felix"]
[Black "Martin Rueda, Daniel"]
[Result "1/2-1/2"]
[WhiteElo "2233"]
[BlackElo "2133"]
[PlyCount "53"]
[EventDate "2000.08.22"]
[EventType "swiss"]
[EventRounds "9"]
[EventCountry "ESP"]
[SourceTitle "AjedrezenMadrid.com"]
[Source "lmi"]
[SourceDate "2000.08.01"]
[SourceVersion "1"]
[SourceVersionDate "2020.12.27"]
[SourceQuality "2"]

1. e4 c5 2. Nf3 e6 3. d4 cxd4 4. Nxd4 Nf6 5. Nc3 d6 6. g4 e5 7. Nf5 h5 8. g5
Nxe4 9. Nxg7+ Bxg7 10. Nxe4 d5 11. Ng3 Nc6 12. Nxh5 Rxh5 13. Qxh5 Nd4 14. Bd3
e4 15. c3 Nf3+ 16. Kf1 Ne5 17. Be2 Bf5 18. Be3 Qd7 19. g6 fxg6 20. Qg5 Kf7 21.
h4 Bf6 22. Qg3 Nf3 23. Bg5 Be5 24. Bf4 Bf6 25. Bg5 Be5 26. Bf4 Bf6 27. Bg5
1/2-1/2

[Event "Collado Villalba 2000"]
[Site "Collado Villalba ESP"]
[Date "2000.08.23"]
[Round "2"]
[White "Barria, Daniel"]
[Black "Serrano Nuñez, Dario"]
[Result "1-0"]
[WhiteElo "2326"]
[BlackElo "2093"]
[PlyCount "57"]
[EventDate "2000.08.22"]
[EventType "swiss"]
[EventRounds "9"]
[EventCountry "ESP"]
[SourceTitle "AjedrezenMadrid.com"]
[Source "lmi"]
[SourceDate "2000.08.01"]
[SourceVersion "1"]
[SourceVersionDate "2020.12.27"]
[SourceQuality "2"]

1. e4 e5 2. Nf3 Nc6 3. Bb5 a6 4. Bxc6 dxc6 5. O-O Qd6 6. d3 f6 7. Be3 Be6 8.
Nbd2 O-O-O 9. Qe2 g5 10. Rfb1 h5 11. b4 h4 12. Bc5 Qd7 13. Bxf8 Rxf8 14. Nb3 g4
15. Nfd2 g3 16. Nc5 gxh2+ 17. Kxh2 Qf7 18. b5 cxb5 19. a4 c6 20. axb5 cxb5 21.
c4 Kc7 22. cxb5 axb5 23. Rxb5 Rb8 24. Na6+ bxa6 25. Rc1+ Bc4 26. Nxc4 Qe8 27.
Nxe5+ Kd6 28. Rd5+ Ke7 29. Rc7+ 1-0

[Event "Collado Villalba 2000"]
[Site "Collado Villalba ESP"]
[Date "2000.08.23"]
[Round "2"]
[White "Belezky, Sasha"]
[Black "Pichel Jallas, Juan Jose"]
[Result "1-0"]
[WhiteElo "2391"]
[BlackElo "2110"]
[PlyCount "99"]
[EventDate "2000.08.22"]
[EventType "swiss"]
[EventRounds "9"]
[EventCountry "ESP"]
[SourceTitle "AjedrezenMadrid.com"]
[Source "lmi"]
[SourceDate "2000.08.01"]
[SourceVersion "1"]
[SourceVersionDate "2020.12.27"]
[SourceQuality "2"]

1. Nf3 e6 2. g3 f5 3. c4 Nf6 4. Bg2 Be7 5. O-O O-O 6. d4 d6 7. b3 Qe8 8. Nc3 a5
9. Qc2 Qh5 10. a3 c6 11. Bd2 Nbd7 12. e4 fxe4 13. Nxe4 e5 14. dxe5 Nxe5 15.
Nxe5 dxe5 16. Nxf6+ Bxf6 17. Bc3 Bf5 18. Be4 Bxe4 19. Qxe4 Rfe8 20. Rfd1 Rad8
21. f3 h6 22. Kg2 Qf7 23. Bxa5 Rd4 24. Qe2 e4 25. Rxd4 Bxd4 26. Rd1 exf3+ 27.
Qxf3 Bf6 28. Bb6 Qg6 29. a4 Qc2+ 30. Bf2 Re5 31. Qd3 Re2 32. Qxc2 Rxc2 33. Rd3
Rb2 34. Kf3 Kf7 35. h4 Ke7 36. Bc5+ Ke6 37. Re3+ Kd7 38. Ke4 Ke6 39. Bd4 Rd2
40. Bxf6 Kxf6 41. Rd3 Rxd3 42. Kxd3 Kf5 43. c5 Kg4 44. b4 Kxg3 45. b5 Kxh4 46.
bxc6 bxc6 47. a5 g5 48. a6 g4 49. a7 g3 50. a8=Q 1-0

[Event "Collado Villalba 2000"]
[Site "Collado Villalba ESP"]
[Date "2000.08.23"]
[Round "2"]
[White "Candela Perez, Jose"]
[Black "De Diego Ferrer, Emilio"]
[Result "1-0"]
[WhiteElo "2416"]
[BlackElo "2119"]
[PlyCount "43"]
[EventDate "2000.08.22"]
[EventType "swiss"]
[EventRounds "9"]
[EventCountry "ESP"]
[SourceTitle "AjedrezenMadrid.com"]
[Source "lmi"]
[SourceDate "2000.08.01"]
[SourceVersion "1"]
[SourceVersionDate "2020.12.27"]
[SourceQuality "2"]

1. d4 d5 2. c4 c6 3. Nf3 e6 4. Nc3 f5 5. Bg5 Nf6 6. e3 Be7 7. Bd3 O-O 8. Qc2
Bd7 9. O-O Be8 10. Ne2 h6 11. Bxf6 Bxf6 12. Ne5 Nd7 13. Nf4 Bf7 14. Nxf7 Kxf7
15. cxd5 cxd5 16. Bxf5 exf5 17. Qxf5 Kg8 18. Ne6 Qe7 19. Nxf8 Nxf8 20. Qxd5+
Kh8 21. Rfc1 Rd8 22. Qf5 1-0

[Event "Collado Villalba 2000"]
[Site "Collado Villalba ESP"]
[Date "2000.08.23"]
[Round "2"]
[White "Garcia Cervigon, Cecilio"]
[Black "Roa Alonso, Santiago"]
[Result "0-1"]
[WhiteElo "2084"]
[BlackElo "2358"]
[PlyCount "54"]
[EventDate "2000.08.22"]
[EventType "swiss"]
[EventRounds "9"]
[EventCountry "ESP"]
[SourceTitle "AjedrezenMadrid.com"]
[Source "lmi"]
[SourceDate "2000.08.01"]
[SourceVersion "1"]
[SourceVersionDate "2020.12.27"]
[SourceQuality "2"]

1. d4 d5 2. c4 e6 3. Nc3 Nf6 4. Bg5 Be7 5. e3 h6 6. Bh4 O-O 7. Nf3 b6 8. cxd5
Nxd5 9. Bxe7 Qxe7 10. Nxd5 exd5 11. Be2 Be6 12. Rc1 c5 13. O-O Nd7 14. b3 Nf6
15. Ne5 Rac8 16. f4 Bf5 17. g4 Be4 18. Bf3 Bxf3 19. Qxf3 Ne4 20. Rfd1 cxd4 21.
exd4 Qa3 22. Nc6 Rc7 23. Rc2 Rfc8 24. Rdc1 a5 25. Qd3 Kf8 26. Na7 Qxc1+ 27.
Rxc1 Rxc1+ 0-1

[Event "Collado Villalba 2000"]
[Site "Collado Villalba ESP"]
[Date "2000.08.23"]
[Round "2"]
[White "Garcia Martin, Juan Miguel"]
[Black "Pogorelov, Ruslan"]
[Result "0-1"]
[WhiteElo "2048"]
[BlackElo "2445"]
[PlyCount "84"]
[EventDate "2000.08.22"]
[EventType "swiss"]
[EventRounds "9"]
[EventCountry "ESP"]
[SourceTitle "AjedrezenMadrid.com"]
[Source "lmi"]
[SourceDate "2000.08.01"]
[SourceVersion "1"]
[SourceVersionDate "2020.12.27"]
[SourceQuality "2"]

1. e4 c5 2. Nf3 Nc6 3. c3 d5 4. exd5 Qxd5 5. d4 e6 6. Be2 cxd4 7. cxd4 Nf6 8.
O-O Be7 9. Nc3 Qd6 10. Nb5 Qd8 11. Bf4 Nd5 12. Bg3 O-O 13. Nc3 Nxc3 14. bxc3
Bf6 15. Bd3 b6 16. Be4 Bb7 17. Rc1 Qd7 18. Qc2 g6 19. Rfd1 Na5 20. Ne5 Qe7 21.
Bxb7 Qxb7 22. Rd3 Rac8 23. Rf3 Bg7 24. Qd2 Nc4 25. Qe2 Qd5 26. Re1 Nxe5 27.
Bxe5 Bxe5 28. dxe5 Rfd8 29. Kf1 Rc4 30. a3 Ra4 31. Qb2 Qc4+ 32. Kg1 Qc5 33. Qc1
Rxa3 34. Qf4 Rd7 35. Rh3 Rxc3 36. Rh4 Rc2 37. Rf1 Qf8 38. Qe3 Rcd2 39. Qh3 R7d3
40. f3 Qc5+ 41. Kh1 Rd1 42. g3 Qf2 0-1

[Event "Collado Villalba 2000"]
[Site "Collado Villalba ESP"]
[Date "2000.08.23"]
[Round "2"]
[White "Herrera, Irisberto"]
[Black "Martin Martin, Luis Vicente"]
[Result "1/2-1/2"]
[WhiteElo "2467"]
[BlackElo "2132"]
[PlyCount "110"]
[EventDate "2000.08.22"]
[EventType "swiss"]
[EventRounds "9"]
[EventCountry "ESP"]
[SourceTitle "AjedrezenMadrid.com"]
[Source "lmi"]
[SourceDate "2000.08.01"]
[SourceVersion "1"]
[SourceVersionDate "2020.12.27"]
[SourceQuality "2"]

1. e4 e6 2. d4 d5 3. Nc3 dxe4 4. Nxe4 Nd7 5. Nf3 Ngf6 6. Nxf6+ Nxf6 7. Be3 Bd6
8. Bd3 O-O 9. O-O b6 10. c4 c5 11. Qe2 Bb7 12. Rad1 Qc7 13. h3 Rad8 14. Bb1
cxd4 15. Rxd4 Bxf3 16. Qxf3 Bh2+ 17. Kh1 Rxd4 18. Bxd4 Be5 19. Rd1 Bxd4 20.
Rxd4 Qe5 21. Qd1 g6 22. Qd2 Rc8 23. b3 Kg7 24. Kg1 Qc7 25. Qd1 Qe7 26. g3 Rc7
27. Kg2 Rd7 28. Rxd7 Nxd7 29. Be4 Nc5 30. Bf3 e5 31. Bd5 Ne6 32. Qd2 Nd4 33. b4
Qd6 34. a4 Ne6 35. Qc3 f6 36. Bxe6 Qxe6 37. c5 Qc6+ 38. Kh2 bxc5 39. bxc5 Kf7
40. Qc4+ Ke7 41. h4 h5 42. Kg1 e4 43. Kf1 e3 44. Ke2 exf2 45. Kxf2 Qe6 46. Qd4
a5 47. Kf3 g5 48. Qe4 Kd7 49. Qb7+ Kd8 50. Qb8+ Kd7 51. Qa7+ Kc8 52. Qa8+ Kd7
53. Qa7+ Kc8 54. Qa8+ Kd7 55. Qb7+ Kd8 1/2-1/2

[Event "Collado Villalba 2000"]
[Site "Collado Villalba ESP"]
[Date "2000.08.23"]
[Round "2"]
[White "Martin Rueda, Daniel"]
[Black "Perez, Rodney"]
[Result "0-1"]
[WhiteElo "2133"]
[BlackElo "2478"]
[PlyCount "42"]
[EventDate "2000.08.22"]
[EventType "swiss"]
[EventRounds "9"]
[EventCountry "ESP"]
[SourceTitle "AjedrezenMadrid.com"]
[Source "lmi"]
[SourceDate "2000.08.01"]
[SourceVersion "1"]
[SourceVersionDate "2020.12.27"]
[SourceQuality "2"]

1. e4 g6 2. d4 Bg7 3. Bg5 c5 4. Nd2 Bxd4 5. c3 Bg7 6. Bc4 Nc6 7. Qb3 Ne5 8. f4
Nxc4 9. Nxc4 Qc7 10. e5 f6 11. Bh4 fxe5 12. fxe5 Nh6 13. Nf3 Nf5 14. O-O b5 15.
Nd6+ Nxd6 16. exd6 Qxd6 17. Bxe7 Kxe7 18. Rae1+ Kd8 19. Ng5 Kc7 20. Nf7 Qb6 21.
Nxh8 c4+ 0-1

[Event "Collado Villalba 2000"]
[Site "Collado Villalba ESP"]
[Date "2000.08.23"]
[Round "2"]
[White "Sanchez Naranjo, Jose Maria"]
[Black "Moreno Carnero, Javier"]
[Result "0-1"]
[WhiteElo "2115"]
[BlackElo "2515"]
[PlyCount "52"]
[EventDate "2000.08.22"]
[EventType "swiss"]
[EventRounds "9"]
[EventCountry "ESP"]
[SourceTitle "AjedrezenMadrid.com"]
[Source "lmi"]
[SourceDate "2000.08.01"]
[SourceVersion "1"]
[SourceVersionDate "2020.12.27"]
[SourceQuality "2"]

1. e4 e6 2. d4 d5 3. Nd2 Nf6 4. e5 Nfd7 5. Bd3 c5 6. c3 Nc6 7. Ngf3 g6 8. h4
Qb6 9. h5 g5 10. Nxg5 cxd4 11. cxd4 Nxd4 12. Qa4 Qb4 13. Qxb4 Bxb4 14. f4 h6
15. Nh3 Nc5 16. Bb1 Bd7 17. a3 Ncb3 18. axb4 Nxa1 19. Nf3 Nxf3+ 20. gxf3 Rc8
21. Be3 Nc2+ 22. Bxc2 Rxc2 23. Nf2 Rxb2 24. O-O Rg8+ 25. Ng4 Bc6 26. Kh1 Rxg4
0-1

[Event "Collado Villalba 2000"]
[Site "Collado Villalba ESP"]
[Date "2000.08.23"]
[Round "2"]
[White "Suba, Mihai"]
[Black "Nuñez Muñoz, Jesus"]
[Result "1-0"]
[WhiteElo "2487"]
[BlackElo "2134"]
[PlyCount "55"]
[EventDate "2000.08.22"]
[EventType "swiss"]
[EventRounds "9"]
[EventCountry "ESP"]
[SourceTitle "AjedrezenMadrid.com"]
[Source "lmi"]
[SourceDate "2000.08.01"]
[SourceVersion "1"]
[SourceVersionDate "2020.12.27"]
[SourceQuality "2"]

1. Nf3 Nf6 2. c4 e6 3. g3 b6 4. Bg2 Bb7 5. O-O Be7 6. Nc3 O-O 7. Re1 d5 8. cxd5
exd5 9. d4 Na6 10. Ne5 c5 11. dxc5 Nxc5 12. Be3 Nce4 13. Bd4 Nxc3 14. Bxc3 Ne4
15. Bxe4 dxe4 16. Nd7 Re8 17. Qd4 f6 18. Red1 Qc7 19. Rac1 Rac8 20. Qa4 Red8
21. Bxf6 Qxc1 22. Bxe7 Rxd7 23. Qxd7 Qc6 24. Qf5 Ba6 25. Rd6 Qc1+ 26. Kg2 Bb7
27. Qe6+ Kh8 28. Qd7 1-0

[Event "Collado Villalba 2000"]
[Site "Collado Villalba ESP"]
[Date "2000.08.24"]
[Round "3"]
[White "De la Fuente Gonzalez, Francisco"]
[Black "Candela Perez, Jose"]
[Result "0-1"]
[WhiteElo "2199"]
[BlackElo "2416"]
[PlyCount "68"]
[EventDate "2000.08.22"]
[EventType "swiss"]
[EventRounds "9"]
[EventCountry "ESP"]
[SourceTitle "AjedrezenMadrid.com"]
[Source "lmi"]
[SourceDate "2000.08.01"]
[SourceVersion "1"]
[SourceVersionDate "2020.12.27"]
[SourceQuality "2"]

1. e4 c5 2. Nf3 d6 3. d4 cxd4 4. Nxd4 Nf6 5. Nc3 a6 6. Bg5 e6 7. f4 Be7 8. Qf3
Qc7 9. O-O-O Nbd7 10. Bd3 b5 11. Rhe1 b4 12. Nd5 exd5 13. exd5 Nb8 14. Bxf6
gxf6 15. Re3 Ra7 16. Rde1 Qb6 17. Qf2 Qc5 18. Bf5 Kd8 19. Nb3 Qxd5 20. Bxc8
Kxc8 21. Rxe7 Rxe7 22. Rxe7 Nc6 23. Re2 Kc7 24. Rd2 Qc4 25. Qe2 Qxf4 26. g3 Qg5
27. Qd3 Rd8 28. Nd4 Re8 29. Nf3 Qc5 30. Qxh7 Qc4 31. Qd3 Qxa2 32. Qxd6+ Kb6 33.
Rd3 Re2 34. Nd2 Re1# 0-1

[Event "Collado Villalba 2000"]
[Site "Collado Villalba ESP"]
[Date "2000.08.24"]
[Round "3"]
[White "Galvan, Jesus"]
[Black "Belezky, Sasha"]
[Result "1-0"]
[WhiteElo "2171"]
[BlackElo "2391"]
[PlyCount "99"]
[EventDate "2000.08.22"]
[EventType "swiss"]
[EventRounds "9"]
[EventCountry "ESP"]
[SourceTitle "AjedrezenMadrid.com"]
[Source "lmi"]
[SourceDate "2000.08.01"]
[SourceVersion "1"]
[SourceVersionDate "2020.12.27"]
[SourceQuality "2"]

1. d4 c5 2. d5 e5 3. e4 d6 4. Nc3 Be7 5. Nf3 Bg4 6. Bb5+ Kf8 7. a4 a6 8. Bd3 b6
9. b3 g6 10. Be2 h5 11. Nd2 Bxe2 12. Qxe2 Bg5 13. Nc4 Bxc1 14. Rxc1 Kg7 15. O-O
Nh6 16. f4 f6 17. f5 g5 18. Qxh5 Nxf5 19. Qd1 Nd4 20. Na2 b5 21. Ne3 c4 22.
bxc4 bxa4 23. Rb1 Ra7 24. Nc3 Qa5 25. Ne2 Nxe2+ 26. Qxe2 Qc5 27. Kh1 Kf7 28.
Ra1 a3 29. Qd3 Kg6 30. Rxa3 Rah7 31. h3 Rh4 32. Nf5 Rf4 33. Rxf4 exf4 34. e5
dxe5 35. Ne7+ Kf7 36. Qg6+ Kxe7 37. Qg7+ Kd8 38. Qxh8+ Kc7 39. Rb3 Nd7 40. Qa8
Qxc4 41. d6+ Kxd6 42. Rd3+ Ke7 43. Qb7 Qb5 44. Qc7 e4 45. Qd6+ Kd8 46. Qf8+ Kc7
47. Rc3+ Kb6 48. Qd8+ Ka7 49. Rc7+ Kb6 50. Rxd7+ 1-0

[Event "Collado Villalba 2000"]
[Site "Collado Villalba ESP"]
[Date "2000.08.24"]
[Round "3"]
[White "Korneev, Oleg"]
[Black "Garcia Ares, Felix"]
[Result "1-0"]
[WhiteElo "2619"]
[BlackElo "2233"]
[PlyCount "51"]
[EventDate "2000.08.22"]
[EventType "swiss"]
[EventRounds "9"]
[EventCountry "ESP"]
[SourceTitle "AjedrezenMadrid.com"]
[Source "lmi"]
[SourceDate "2000.08.01"]
[SourceVersion "1"]
[SourceVersionDate "2020.12.27"]
[SourceQuality "2"]

1. e4 e5 2. Nf3 Nc6 3. Bb5 a6 4. Ba4 Nf6 5. O-O Be7 6. Re1 b5 7. Bb3 O-O 8. h3
d6 9. c3 Na5 10. Bc2 c5 11. d4 cxd4 12. cxd4 Nc6 13. Nc3 Nxd4 14. Nxd4 exd4 15.
Qxd4 Bb7 16. Bf4 Qc7 17. Rad1 Rfd8 18. Bb3 Rac8 19. a3 h6 20. Ba2 Bc6 21. Rd3
Be8 22. Rg3 Qc5 23. Qd2 Kh8 24. Bxh6 g6 25. Be3 Qc6 26. Bd4 1-0

[Event "Collado Villalba 2000"]
[Site "Collado Villalba ESP"]
[Date "2000.08.24"]
[Round "3"]
[White "Perez, Rodney"]
[Black "Tallarico Tallarico, Ovidio Mario"]
[Result "1-0"]
[WhiteElo "2478"]
[BlackElo "2226"]
[PlyCount "61"]
[EventDate "2000.08.22"]
[EventType "swiss"]
[EventRounds "9"]
[EventCountry "ESP"]
[SourceTitle "AjedrezenMadrid.com"]
[Source "lmi"]
[SourceDate "2000.08.01"]
[SourceVersion "1"]
[SourceVersionDate "2020.12.27"]
[SourceQuality "2"]

1. e4 c5 2. Nf3 Nc6 3. Bb5 a6 4. Bxc6 dxc6 5. d3 Qc7 6. h3 e5 7. a4 a5 8. Be3
Bd6 9. Nbd2 Ne7 10. Nc4 b6 11. O-O f6 12. Nfd2 Ng6 13. b4 axb4 14. Nxd6+ Qxd6
15. Nc4 Qc7 16. a5 bxa5 17. Bxc5 Be6 18. Nd6+ Kd7 19. d4 Qb8 20. dxe5 Ke7 21.
exf6+ gxf6 22. f4 Nf8 23. Nf5+ Ke8 24. Qh5+ Kd7 25. Rfd1+ Kc8 26. Qe8+ Kb7 27.
Qe7+ Qc7 28. Nd6+ Kb8 29. Qe8+ Bc8 30. Nb5 Qg7 31. Qxc6 1-0

[Event "Collado Villalba 2000"]
[Site "Collado Villalba ESP"]
[Date "2000.08.24"]
[Round "3"]
[White "Pogorelov, Ruslan"]
[Black "Garcia Luengo, Leandro"]
[Result "1-0"]
[WhiteElo "2445"]
[BlackElo "2221"]
[PlyCount "81"]
[EventDate "2000.08.22"]
[EventType "swiss"]
[EventRounds "9"]
[EventCountry "ESP"]
[SourceTitle "AjedrezenMadrid.com"]
[Source "lmi"]
[SourceDate "2000.08.01"]
[SourceVersion "1"]
[SourceVersionDate "2020.12.27"]
[SourceQuality "2"]

1. e4 c5 2. Nf3 d6 3. c3 Nf6 4. Bd3 Nc6 5. h3 e5 6. O-O Be7 7. Bc2 O-O 8. Re1
d5 9. exd5 Qxd5 10. d3 Rd8 11. Qe2 Bf5 12. Rd1 Bg6 13. Nh4 Bh5 14. g4 Ne8 15.
gxh5 Bxh4 16. Qg4 Be7 17. h6 g6 18. Bb3 Qd7 19. Qf3 Nd6 20. Nd2 Qf5 21. Qxf5
Nxf5 22. Ne4 Rac8 23. Ng3 Nh4 24. Kf1 Na5 25. Ke2 Rc7 26. Rg1 Rcd7 27. Bc2 Kf8
28. a3 c4 29. dxc4 Nxc4 30. Nf1 f5 31. b3 Nb6 32. c4 e4 33. Be3 Nf3 34. Rg3 Bf6
35. Rd1 Rxd1 36. Bxd1 Be5 37. Rg2 f4 38. Bc5+ Kf7 39. Rg4 Kf6 40. Bc2 Kf5 41.
Bxe4+ 1-0

[Event "Collado Villalba 2000"]
[Site "Collado Villalba ESP"]
[Date "2000.08.24"]
[Round "3"]
[White "Roa Alonso, Santiago"]
[Black "Sanz Montarelo, Teodoro"]
[Result "1-0"]
[WhiteElo "2358"]
[BlackElo "2179"]
[PlyCount "107"]
[EventDate "2000.08.22"]
[EventType "swiss"]
[EventRounds "9"]
[EventCountry "ESP"]
[SourceTitle "AjedrezenMadrid.com"]
[Source "lmi"]
[SourceDate "2000.08.01"]
[SourceVersion "1"]
[SourceVersionDate "2020.12.27"]
[SourceQuality "2"]

1. d4 Nf6 2. c4 g6 3. Nc3 Bg7 4. e4 d6 5. f3 c6 6. Bg5 a6 7. a4 a5 8. Qd2 Qb6
9. O-O-O Na6 10. Bh6 Bxh6 11. Qxh6 Qb3 12. Bd3 Nb4 13. Qd2 Nd7 14. Bc2 Qxc4 15.
Nge2 Nb6 16. b3 Qa6 17. h4 Bd7 18. h5 O-O-O 19. Kb2 c5 20. dxc5 dxc5 21. hxg6
hxg6 22. Rxh8 Rxh8 23. Qg5 c4 24. Qc5+ Nc6 25. Nd5 Nxd5 26. exd5 Rh5 27. Ng3
cxb3 28. Bd3 Qa7 29. Qxa7 Nxa7 30. Nxh5 gxh5 31. Kxb3 b5 32. axb5 Nxb5 33. Bxb5
Bxb5 34. Rh1 Kd7 35. Rxh5 Kd6 36. g4 Be2 37. Rf5 Bd1+ 38. Kc4 f6 39. g5 fxg5
40. Rxg5 Bxf3 41. Rg6+ Kd7 42. Kc5 a4 43. Ra6 Bd1 44. Ra8 Kc7 45. Kd4 Kd6 46.
Ra6+ Kd7 47. Ke5 Ke8 48. Ra8+ Kf7 49. Rh8 Be2 50. Rh7+ Kf8 51. Rh4 Bd1 52. Ke6
a3 53. Rh8+ Kg7 54. Ra8 1-0

[Event "Collado Villalba 2000"]
[Site "Collado Villalba ESP"]
[Date "2000.08.24"]
[Round "3"]
[White "Sanz Castillo, Santiago"]
[Black "Barria, Daniel"]
[Result "0-1"]
[WhiteElo "2153"]
[BlackElo "2326"]
[PlyCount "60"]
[EventDate "2000.08.22"]
[EventType "swiss"]
[EventRounds "9"]
[EventCountry "ESP"]
[SourceTitle "AjedrezenMadrid.com"]
[Source "lmi"]
[SourceDate "2000.08.01"]
[SourceVersion "1"]
[SourceVersionDate "2020.12.27"]
[SourceQuality "2"]

1. e4 e6 2. d4 d5 3. Nc3 Bb4 4. e5 Ne7 5. a3 Bxc3+ 6. bxc3 c5 7. Qg4 Kf8 8. h4
Qa5 9. Bd2 Qa4 10. Kd1 Nbc6 11. Nf3 cxd4 12. Bd3 h6 13. Qf4 b6 14. Nxd4 Nxd4
15. Qxd4 Bd7 16. h5 Rc8 17. Rh4 Qc6 18. c4 dxc4 19. Be4 Qc7 20. Bb4 Bc6 21. Ke1
Bxe4 22. Rxe4 Ke8 23. Rd1 Qc6 24. g4 Nd5 25. Bd6 Nc3 26. Qxc3 Qxe4+ 27. Kf1
Qxg4 28. Rd4 Qxh5 29. Rxc4 Qd1+ 30. Kg2 Qd5+ 0-1

[Event "Collado Villalba 2000"]
[Site "Collado Villalba ESP"]
[Date "2000.08.25"]
[Round "4"]
[White "Bandres Carballo, Julio"]
[Black "Moreno Carnero, Javier"]
[Result "1/2-1/2"]
[WhiteElo "2151"]
[BlackElo "2515"]
[PlyCount "80"]
[EventDate "2000.08.22"]
[EventType "swiss"]
[EventRounds "9"]
[EventCountry "ESP"]
[SourceTitle "AjedrezenMadrid.com"]
[Source "lmi"]
[SourceDate "2000.08.01"]
[SourceVersion "1"]
[SourceVersionDate "2020.12.27"]
[SourceQuality "2"]

1. d4 e6 2. Nf3 f5 3. g3 Nf6 4. Bg2 d5 5. c4 c6 6. O-O Bd6 7. Nc3 O-O 8. Qb3 b6
9. Bg5 Bb7 10. cxd5 cxd5 11. Bxf6 gxf6 12. Nb5 Be7 13. Rac1 Nc6 14. Qe3 Qd7 15.
Nh4 Rac8 16. Nc3 Na5 17. Rc2 Nc4 18. Qf3 Rf7 19. Rfc1 Nd6 20. Qf4 Bf8 21. Bh3
Qe8 22. Qf3 Bh6 23. e3 Rfc7 24. Qd1 Nc4 25. Ng2 Nxb2 26. Qe2 Nc4 27. Nd1 Ba6
28. Nf4 Nxe3 29. Rxc7 Rxc7 30. Qxe3 Rxc1 31. Qxc1 e5 32. Qa3 Bc4 33. Ne3 exf4
34. Nxc4 dxc4 35. Bxf5 a5 36. Qf3 b5 37. Qd5+ Kh8 38. Bd7 Qe1+ 39. Kg2 c3 40.
Bf5 Qe7 1/2-1/2

[Event "Collado Villalba 2000"]
[Site "Collado Villalba ESP"]
[Date "2000.08.25"]
[Round "4"]
[White "Barria, Daniel"]
[Black "Suba, Mihai"]
[Result "0-1"]
[WhiteElo "2326"]
[BlackElo "2487"]
[PlyCount "69"]
[EventDate "2000.08.22"]
[EventType "swiss"]
[EventRounds "9"]
[EventCountry "ESP"]
[SourceTitle "AjedrezenMadrid.com"]
[Source "lmi"]
[SourceDate "2000.08.01"]
[SourceVersion "1"]
[SourceVersionDate "2020.12.27"]
[SourceQuality "2"]

1. e4 c5 2. Nf3 d6 3. d4 Nf6 4. Nc3 cxd4 5. Nxd4 e6 6. Be3 a6 7. g4 h6 8. f4
Nc6 9. Rg1 h5 10. h3 hxg4 11. hxg4 Nd7 12. g5 Qb6 13. a3 Rh2 14. Rg3 Qxb2 15.
Nde2 Nc5 16. Bg1 Rh1 17. Bg2 Rxg1+ 18. Nxg1 Qb6 19. Nge2 g6 20. f5 Bd7 21. f6
O-O-O 22. Qd2 Ne5 23. Rb1 Qa5 24. Nd1 Qxd2+ 25. Kxd2 Bc6 26. Nf2 d5 27. exd5
exd5 28. Rd1 Bd6 29. Kc1 Nc4 30. Rc3 Na4 31. Rh3 Re8 32. Nd4 Bf4+ 33. Kb1 Be3
34. Nxc6 bxc6 35. Re1 0-1

[Event "Collado Villalba 2000"]
[Site "Collado Villalba ESP"]
[Date "2000.08.25"]
[Round "4"]
[White "Blasco, Miguel"]
[Black "Gordillo, Manuel"]
[Result "1/2-1/2"]
[WhiteElo "2266"]
[BlackElo "2150"]
[PlyCount "78"]
[EventDate "2000.08.22"]
[EventType "swiss"]
[EventRounds "9"]
[EventCountry "ESP"]
[SourceTitle "AjedrezenMadrid.com"]
[Source "lmi"]
[SourceDate "2000.08.01"]
[SourceVersion "1"]
[SourceVersionDate "2020.12.27"]
[SourceQuality "2"]

1. e4 e6 2. d4 d5 3. exd5 exd5 4. c4 c6 5. Nc3 Nf6 6. Bd3 Be6 7. cxd5 Nxd5 8.
Nf3 Be7 9. O-O Na6 10. Ne5 Nac7 11. Re1 Nf6 12. Ne2 Bb4 13. Rf1 Ncd5 14. Ng3 g6
15. a3 Be7 16. Bh6 Bf8 17. Qd2 Qd6 18. Bxf8 Qxf8 19. Rac1 Qg7 20. f4 Nb6 21. f5
Bd5 22. fxg6 fxg6 23. Qb4 O-O-O 24. a4 Nfd7 25. Ng4 a5 26. Qc3 Nxa4 27. Qxa5
Qxd4+ 28. Nf2 Nac5 29. Ne2 Qe3 30. Qa7 Rde8 31. Nc3 Bxg2 32. Kxg2 Nxd3 33. Qa8+
Nb8 34. Nxd3 Qxd3 35. Qa4 Qd2+ 36. Kh1 Rhf8 37. Rfd1 Qf4 38. Qxf4 Rxf4 39. Nd5
Rf2 1/2-1/2

[Event "Collado Villalba 2000"]
[Site "Collado Villalba ESP"]
[Date "2000.08.25"]
[Round "4"]
[White "Candela Perez, Jose"]
[Black "Galvan, Jesus"]
[Result "1-0"]
[WhiteElo "2416"]
[BlackElo "2171"]
[PlyCount "67"]
[EventDate "2000.08.22"]
[EventType "swiss"]
[EventRounds "9"]
[EventCountry "ESP"]
[SourceTitle "AjedrezenMadrid.com"]
[Source "lmi"]
[SourceDate "2000.08.01"]
[SourceVersion "1"]
[SourceVersionDate "2020.12.27"]
[SourceQuality "2"]

1. d4 d5 2. c4 c6 3. Nf3 Nf6 4. Nc3 a6 5. e3 b5 6. b3 Bg4 7. Be2 e6 8. O-O Bb4
9. Bd2 Bd6 10. h3 Bh5 11. g4 Bg6 12. Nh4 Ne4 13. Nxg6 Nxc3 14. Bxc3 hxg6 15.
Kg2 Qh4 16. Rh1 Nd7 17. Qe1 Qe7 18. Ba5 g5 19. a4 bxc4 20. bxc4 Nf8 21. Qc3 Qd7
22. Bd3 Nh7 23. h4 Ke7 24. Rab1 Nf6 25. c5 Bb8 26. hxg5 Ne4 27. Rxh8 Nxc3 28.
Bxc3 Qa7 29. Ba5 g6 30. Bd8+ Kd7 31. Bb6 Qb7 32. Rf8 Bd6 33. Rxf7+ Be7 34.
Rxe7+ 1-0

[Event "Collado Villalba 2000"]
[Site "Collado Villalba ESP"]
[Date "2000.08.25"]
[Round "4"]
[White "Kalashnikov, Alexey"]
[Black "Perez, Rodney"]
[Result "0-1"]
[WhiteElo "2258"]
[BlackElo "2478"]
[PlyCount "86"]
[EventDate "2000.08.22"]
[EventType "swiss"]
[EventRounds "9"]
[EventCountry "ESP"]
[SourceTitle "AjedrezenMadrid.com"]
[Source "lmi"]
[SourceDate "2000.08.01"]
[SourceVersion "1"]
[SourceVersionDate "2020.12.27"]
[SourceQuality "2"]

1. e4 e5 2. Nf3 Nc6 3. Bb5 Bc5 4. d3 Nge7 5. Bg5 d6 6. c3 O-O 7. O-O Bd7 8.
Nbd2 h6 9. Be3 a6 10. Ba4 Ng6 11. d4 Ba7 12. Re1 Re8 13. Bc2 Qf6 14. d5 Nce7
15. Nf1 Nf4 16. h3 g5 17. N3h2 Neg6 18. Ng4 Qg7 19. Bxa7 Rxa7 20. Ng3 Nh4 21.
Ne3 Qh8 22. Ngf5 Nxf5 23. exf5 h5 24. Kh2 h4 25. Be4 Raa8 26. Bf3 e4 27. Bg4
Qe5 28. g3 Nd3 29. Nc4 Qxd5 30. Qd2 f6 31. Ne3 Qe5 32. Rg1 Re7 33. Kh1 Rh7 34.
f4 exf3 35. Qxd3 Bc6 36. Kh2 Re8 37. Nc4 Qe2+ 38. Qxe2 Rxe2+ 39. Kh1 f2+ 40.
Rg2 f1=Q+ 41. Rxf1 Bxg2+ 42. Kg1 Bxf1 43. Kxf1 Re4 0-1